Stade Rennais Quiz - Statistiques

Statistiques générales
  • Ce quiz a été pris 125 fois
    96 depuis la dernière actualisation
  • Le résultat moyen est 7 sur 16
Statistiques - réponses
Questions Réponses % Correct
En quelle année a été crée le club ? 1901
99%
Qui est le capitaine actuel de ce club ? Steve Mandanda
80%
Combien de Ligue des champions a ce club ? 0
68%
Quelles sont les couleurs primaires de ce club ? Rouge et Noir
68%
Qui est l’entraîneur de ce club ? Julien Stéphan
67%
Quelle est la ligue où joue ce club ? Ligue 1
59%
Quel est le nom du stade de ce club ? Roazhon Park
59%
Quel est le plus gros transfert de ce club ? Amine Gouiri (28 Millions)
48%
Qui est le meilleur passeur de ce club ? Benjamin Bourigeaud (66)
42%
Qui est le joueur le plus cher de ce club ? Amine Gouiri (25 Millions)
30%
Qui est le meilleur buteur de ce club ? Jean Grumellon (154)
20%
Combien de trophées a ce club ? 25
16%
Qui est le joueur le plus capé de ce club ? Yves Boutet (394)
6%
Quelle est la plus grande defaite de ce club ? 9 : 1 (FC Nancy)
5%
Quelle est la plus grande Victoire de ce club ? 11 : 1 (Bagnères Luchon)
4%
Qui est la légende de ce club ? Laurent Pokou / Romain Danzé / Jean Prouff
1%
Aucun quiz correspondant
Distribution des résultats
% des personnes avec chaque résultat
Percentile par nombre de réponses
Votre historique - résultats
Vous n’avez pas pris ce quiz depuis la dernière actualisation